The language of speech and writing (Record no. 1704)
| 000 -LEADER | |
|---|---|
| fixed length control field | 00541nam a22001937a 4500 |
| 003 - CONTROL NUMBER IDENTIFIER | |
| control field | OSt |
| 005 - DATE AND TIME OF LATEST TRANSACTION | |
| control field | 20150424155123.0 |
| 008 - FIXED-LENGTH DATA ELEMENTS--GENERAL INFORMATION | |
| fixed length control field | 150424b xxu||||| |||| 00| 0 eng d |
| 020 ## - INTERNATIONAL STANDARD BOOK NUMBER | |
| International Standard Book Number | 9780415231671 |
| 050 ## - LIBRARY OF CONGRESS CALL NUMBER | |
| Classification number | PE1074.8 .C67 2001 |
| 100 ## - MAIN ENTRY--PERSONAL NAME | |
| Personal name | Cornbleet, Sandra |
| 245 ## - TITLE STATEMENT | |
| Title | The language of speech and writing |
| Statement of responsibility, etc | Sandra Cornbleet and Ronald Carter |
| 260 ## - PUBLICATION, DISTRIBUTION, ETC. (IMPRINT) | |
| Place of publication, distribution, etc | London |
| Name of publisher, distributor, etc | Routlege |
| Date of publication, distribution, etc | 2001 |
| 300 ## - PHYSICAL DESCRIPTION | |
| Extent | ix, 129p |
| Other physical details | ill. |
| 500 ## - GENERAL NOTE | |
| General note | includes index and bibliography |
| 650 ## - SUBJECT ADDED ENTRY--TOPICAL TERM | |
| Source of heading or term | Language |
| 650 ## - SUBJECT ADDED ENTRY--TOPICAL TERM | |
| Source of heading or term | speech and writing |
| 942 ## - ADDED ENTRY ELEMENTS (KOHA) | |
| Source of classification or shelving scheme | |
| Koha item type | Book |
| Withdrawn status | Lost status | Source of classification or shelving scheme | Damaged status | Not for loan | Home library | Current library | Shelving location | Date acquired | Total Checkouts | Full call number | Barcode | Date last seen | Date checked out | Copy number | Price effective from | Koha item type |
|---|---|---|---|---|---|---|---|---|---|---|---|---|---|---|---|---|
| Riara University Library | Riara University Library | General stack | 24/04/2015 | 1 | PE1074.8 .C67 2001 | 5577/15 | 13/03/2023 | 23/02/2023 | C.1 | 24/04/2015 | Book | |||||
| Riara University Library | Riara University Library | General stack | 24/04/2015 | PE1074.8 .C67 2001 | 5953/15 | 24/04/2015 | C.2 | 24/04/2015 | Book | |||||||
| Riara University Library | Riara University Library | General stack | 25/04/2015 | PE1074.8 .C67 2001 | 5578/15 | 25/04/2015 | C.3 | 25/04/2015 | Book |
